Statistiken für Fußballvereine im Profibereich aus Rheinland-Pfalz (gesamte Historie)

Klicken Sie hier um das Quiz zu spielen!

Allgemein

  • Dieses Quiz wurde 56 mal gespielt
  • Das Durchschnittsergebnis liegt bei 5 aus 8

Antwortstatistiken

Höchste LigaaktuellVerein% Korrekt
BundesligaBundesligaMainz 05
100%
Bundesliga2. Bundesliga1.FC Kaiserslautern
96%
2. BundesligaRegionalligaTuS Koblenz
85%
2. BundesligaOberligaEintracht Trier
79%
2. BundesligaOberligaWormatia Worms
62%
2. BundesligaOberligaFK Pirmasens
52%
2. BundesligaVerbandsligaEintracht Bad Kreuznach
25%
2. BundesligaVerbandsligaFSV Salmrohr
17%

Verteilung der Resultate

Perzentil nach korrekt beantworteten Fragen

Anzahl Personen mit jedem Resultat

Ihre Resultats-Entwicklung

Sie haben dieses Quiz noch nicht gespielt